[Event "Mollerussa op-B"]
[Site "Mollerusa"]
[Date "1997.??.??"]
[Round "2"]
[White "Campos Olaya, Israel"]
[Black "Roca Escote, Jordi"]
[Result "1-0"]
[WhiteElo "1945"]
[BlackElo "1885"]
[PlyCount "39"]
[EventDate "1997.??.??"]
[EventType "swiss"]
[EventRounds "8"]
[EventCountry "ESP"]
[SourceTitle "EXT 2003"]
[Source "ChessBase"]
[SourceDate "2002.11.25"]
[SourceVersion "1"]
[SourceVersionDate "2002.11.25"]
[SourceQuality "1"]

1. e4 e5 2. Nf3 Nf6 3. d4 Nxe4 4. Bd3 d5 5. Nxe5 Nf6 6. c4 Be6 7. cxd5 Bxd5 8. 0-0 Nbd7 9. Nc3 Be6 10. f4 Nd5 11. f5 Nxc3 12. bxc3 Bd5 13. Nxd7 Qxd7 14. Re1+ Kd8 15. Be3 Qc6 16. Qd2 f6 17. Rab1 Rb8 18. Bb5 Qd6 19. Bf4 Qa3 20. Re8# 1-0

[Event "Mollerussa op-B"]
[Site "Mollerusa"]
[Date "1997.??.??"]
[Round "7"]
[White "Ponsarnau Marquilles, Jaume"]
[Black "Roca Escote, Jordi"]
[Result "1-0"]
[WhiteElo "1920"]
[BlackElo "1885"]
[PlyCount "29"]
[EventDate "1997.??.??"]
[EventType "swiss"]
[EventRounds "8"]
[EventCountry "ESP"]
[SourceTitle "EXT 2003"]
[Source "ChessBase"]
[SourceDate "2002.11.25"]
[SourceVersion "1"]
[SourceVersionDate "2002.11.25"]
[SourceQuality "1"]

1. d4 f5 2. c4 Nf6 3. Nc3 g6 4. Nf3 Bg7 5. h3 b6 6. Bf4 Bb7 7. e3 e6 8. d5 exd5 9. cxd5 d6 10. Ng5 Bc8 11. Rc1 Na6 12. Qa4+ Qd7 13. Bb5 Nc5 14. Bxd7+ Bxd7 15. Qd1 1-0

[Event "Mollerussa op-B"]
[Site "Mollerusa"]
[Date "1997.??.??"]
[Round "1"]
[White "Roca Escote, Jordi"]
[Black "Lopez Nadal, Francesco"]
[Result "1/2-1/2"]
[WhiteElo "1885"]
[BlackElo "1905"]
[PlyCount "58"]
[EventDate "1997.??.??"]
[EventType "swiss"]
[EventRounds "8"]
[EventCountry "ESP"]
[SourceTitle "EXT 2003"]
[Source "ChessBase"]
[SourceDate "2002.11.25"]
[SourceVersion "1"]
[SourceVersionDate "2002.11.25"]
[SourceQuality "1"]

1. e4 e5 2. Nf3 Nf6 3. Nxe5 d6 4. Nf3 Nxe4 5. d4 d5 6. Be3 Be7 7. Nbd2 Nxd2 8. Qxd2 0-0 9. Bd3 Nc6 10. c3 Be6 11. Ng5 Bxg5 12. Bxg5 Qd7 13. Qc2 h6 14. Bf4 Rfe8 15. 0-0 Ne7 16. Rfe1 c6 17. Re5 f6 18. Re3 Bf5 19. Rae1 Bxd3 20. Qxd3 Nf5 21. Rxe8+ Rxe8 22. Rxe8+ Qxe8 23. h3 Qe4 24. Qxe4 dxe4 25. Kf1 Ne7 26. g4 Kf7 27. Bd6 Ke6 28. Bxe7 Kxe7 29. Ke2 Ke6 1/2-1/2